[Event "59. BEM 2005"]
[Site "Dortmund"]
[Date "2005.03.07"]
[Round "4"]
[White "Rzoczek, Christoph"]
[Black "Koch, Roland"]
[Result "1-0"]
[WhiteElo "1607"]
[BlackElo "1399"]
[PlyCount "41"]
[EventDate "2005.??.??"]
[Source "SG Dortmund"]
[SourceDate "2004.12.16"]

1. d4 d6 2. e4 g6 3. Nf3 Bg7 4. Be2 Bg4 5. Nbd2 Nf6 6. e5 Nfd7 7. h3 Bxf3 8.
Bxf3 c6 9. exd6 exd6 10. Qe2+ Qe7 11. Qxe7+ Kxe7 12. c3 d5 13. O-O Re8 14. Nb3
Kf8 15. Bf4 Na6 16. Na5 Kg8 17. Nxb7 Re6 18. Rae1 Bf8 19. Rxe6 fxe6 20. Re1 Kf7
21. Bg4 1-0

[Event "59. BEM 2005"]
[Site "Dortmund"]
[Date "2005.03.07"]
[Round "4"]
[White "Ludwig, Erwin"]
[Black "Gegner, Michael"]
[Result "0-1"]
[WhiteElo "1437"]
[BlackElo "1397"]
[PlyCount "66"]
[EventDate "2005.??.??"]
[Source "SG Dortmund"]
[SourceDate "2004.12.16"]

1. d4 Nf6 2. c4 e5 3. dxe5 Ne4 4. Nf3 d6 5. exd6 Bxd6 6. g3 Nxf2 7. Qc2 Nxh1 8.
Bg2 Nxg3 9. c5 Nf5 10. cxd6 Nxd6 11. Bf4 Bf5 12. Qc3 f6 13. Nbd2 Nc6 14. Rc1
O-O 15. h4 Qe7 16. h5 Rfe8 17. e3 Ne4 18. Qc4+ Kh8 19. Nxe4 Bxe4 20. Kf2 Ne5
21. Nxe5 fxe5 22. Bg3 Bxg2 23. Kxg2 c6 24. Qg4 Rac8 25. a3 Qe6 26. Qe2 Rcd8 27.
Rc2 e4 28. Bf4 Rd3 29. Kf2 Red8 30. Kg3 h6 31. a4 R8d5 32. b4 Qf5 33. Kh4 Rd1
0-1

[Event "59. BEM 2005"]
[Site "Dortmund"]
[Date "2005.03.07"]
[Round "4"]
[White "Kuckelke, Jürgen"]
[Black "Ruchay, Dietrich"]
[Result "0-1"]
[WhiteElo "1263"]
[BlackElo "1460"]
[PlyCount "50"]
[EventDate "2005.??.??"]
[Source "SG Dortmund"]
[SourceDate "2004.12.16"]

1. e4 c5 2. Nf3 d6 3. d4 cxd4 4. Nxd4 Nf6 5. Nc3 a6 6. Bc4 e6 7. O-O b5 8. Bd3
Bb7 9. a3 Be7 10. Be3 Nbd7 11. Qe2 O-O 12. f4 Qc7 13. Nf3 Rac8 14. Nd2 Nc5 15.
Rac1 Nxd3 16. cxd3 Qd7 17. Na2 e5 18. f5 d5 19. Bf2 dxe4 20. dxe4 Rxc1 21. Rxc1
Rd8 22. Nf3 Bxe4 23. Bb6 Rc8 24. Nxe5 Rxc1+ 25. Nxc1 Qd6 0-1

[Event "59. BEM 2005"]
[Site "Dortmund"]
[Date "2005.03.07"]
[Round "4"]
[White "Baier, Jörg"]
[Black "Krüger, Sven"]
[Result "1-0"]
[WhiteElo "1401"]
[BlackElo "1233"]
[PlyCount "49"]
[EventDate "2005.??.??"]
[Source "SG Dortmund"]
[SourceDate "2004.12.16"]

1. e4 e5 2. Nf3 Nf6 3. Nxe5 d6 4. Nf3 Nxe4 5. d4 Bf5 6. Bd3 d5 7. O-O Nd6 8.
Re1+ Be7 9. Bxf5 Nxf5 10. Bf4 O-O 11. Qd3 Nd6 12. Nbd2 Nc6 13. c3 Nc8 14. Nf1
Bd6 15. Ng5 g6 16. Qh3 h5 17. Bd2 Kg7 18. Ng3 Bxg3 19. hxg3 Nd6 20. b3 b5 21.
Bf4 Rc8 22. Rad1 Ne7 23. Be5+ Kg8 24. Bf6 Re8 25. g4 1-0

[Event "59. BEM 2005"]
[Site "Dortmund"]
[Date "2005.03.07"]
[Round "4"]
[White "Hansen, Jochen"]
[Black "Hast, Stefan"]
[Result "0-1"]
[WhiteElo "1374"]
[BlackElo "1131"]
[PlyCount "66"]
[EventDate "2005.??.??"]
[Source "SG Dortmund"]
[SourceDate "2004.12.16"]

1. e4 d5 2. exd5 Qxd5 3. Nc3 Qa5 4. d4 Bf5 5. Bd2 c6 6. Bc4 Qb6 7. Bb3 Qxd4 8.
Qf3 e6 9. O-O-O Bg4 10. Bg5 Qxd1+ 11. Nxd1 Bxf3 12. Nxf3 Be7 13. Ne3 Nd7 14.
Bf4 O-O-O 15. Ng4 Ngf6 16. Nge5 Nxe5 17. Nxe5 Rhf8 18. Re1 Nd7 19. Nc4 Nc5 20.
Re5 Nxb3+ 21. axb3 Rd7 22. Ra5 b6 23. Rh5 Rfd8 24. Kb1 Rd1+ 25. Ka2 h6 26. g3
R8d5 27. Rxd5 cxd5 28. Ne5 Bd6 29. Nxf7 Bxf4 30. gxf4 Rd2 31. Nd6+ Kd7 32. Nb5
Rxf2 33. Nxa7 Rxf4 0-1

[Event "59. BEM 2005"]
[Site "Dortmund"]
[Date "2005.03.08"]
[Round "5"]
[White "Schiefelbusch, Dirk"]
[Black "Gorval, Evgueni"]
[Result "0-1"]
[WhiteElo "2061"]
[BlackElo "2121"]
[PlyCount "98"]
[EventDate "2005.??.??"]
[Source "SG Dortmund"]
[SourceDate "2004.12.16"]

1. b4 e5 2. Bb2 f6 3. b5 d5 4. e3 c5 5. d4 exd4 6. exd4 c4 7. c3 Bf5 8. Ne2 Qe7
9. Ba3 Qe6 10. Bxf8 Kxf8 11. Qd2 Nd7 12. Qe3 Qb6 13. a4 a6 14. Na3 Re8 15. Qf3
Be4 16. Qh3 Qd6 17. Kd2 Ne7 18. f3 Bf5 19. g4 Bd3 20. Qg3 Qe6 21. Nf4 Qb6 22.
Nxd3 cxd3 23. Bxd3 Kf7 24. Rhe1 Qa5 25. Qd6 Nb6 26. Nc2 Nec8 27. Qb4 Qxb4 28.
Nxb4 a5 29. Nc2 Rxe1 30. Nxe1 h5 31. h3 hxg4 32. hxg4 Rh2+ 33. Ke3 Nd6 34. Kf4
Rh1 35. Nc2 Rxa1 36. Nxa1 Nxa4 37. Nb3 b6 38. g5 Nxc3 39. gxf6 gxf6 40. Nxa5
bxa5 41. b6 Na4 42. b7 Nxb7 43. Bb5 Nc3 44. Bc6 a4 45. Bxb7 a3 46. Ba6 a2 47.
Bd3 a1=Q 48. Ke3 Qg1+ 49. Kd2 Qxd4 0-1

[Event "59. BEM 2005"]
[Site "Dortmund"]
[Date "2005.03.08"]
[Round "5"]
[White "Eismont, Igor"]
[Black "Henrichs, Thomas"]
[Result "1/2-1/2"]
[WhiteElo "2174"]
[BlackElo "2394"]
[PlyCount "100"]
[EventDate "2005.??.??"]
[Source "SG Dortmund"]
[SourceDate "2004.12.16"]

1. d4 e6 2. c4 b6 3. Nc3 Bb7 4. a3 f5 5. d5 Nf6 6. Nf3 Be7 7. g3 O-O 8. Bg2 Ne4
9. Bd2 Bf6 10. Rc1 a5 11. O-O Na6 12. Ne1 Nac5 13. Nxe4 Nxe4 14. Bxe4 fxe4 15.
Bc3 Bxc3 16. Rxc3 exd5 17. cxd5 Rf5 18. d6 c5 19. Ng2 Rd5 20. Qb3 Kh8 21. Rd1
a4 22. Qc2 Rxd1+ 23. Qxd1 Qf6 24. h4 Rf8 25. Nf4 Qe5 26. e3 Bc6 27. Rc2 g6 28.
Rd2 Rf6 29. Kg2 Kg7 30. Kg1 h6 31. Kh2 Kh7 32. Kg1 g5 33. Qh5 Kg7 34. hxg5 hxg5
35. Qg4 Rh6 36. Nh3 Kf6 37. Kg2 Rh7 38. Kg1 Bd5 39. Nxg5 Qxg5 40. Qxg5+ Kxg5
41. Rxd5+ Kf6 42. Kg2 Ke6 43. Rd2 Rf7 44. Kh3 Ke5 45. g4 Rg7 46. Kh4 Rh7+ 47.
Kg5 Rg7+ 48. Kh5 Kf6 49. Kh4 Ke5 50. Kh5 Kf6 1/2-1/2

[Event "59. BEM 2005"]
[Site "Dortmund"]
[Date "2005.03.08"]
[Round "5"]
[White "Goldschmidt, Christian"]
[Black "Kartsev, Soel"]
[Result "0-1"]
[WhiteElo "2070"]
[BlackElo "2158"]
[PlyCount "72"]
[EventDate "2005.??.??"]
[Source "SG Dortmund"]
[SourceDate "2004.12.16"]

1. e4 c5 2. c4 Nc6 3. Ne2 g6 4. d4 cxd4 5. Nxd4 Bg7 6. Nc2 d6 7. Be2 Nf6 8. Nc3
O-O 9. O-O a6 10. Rb1 Ne5 11. Ne3 h5 12. f4 Neg4 13. h3 Nxe3 14. Bxe3 Bd7 15.
c5 Bc6 16. Bf3 d5 17. exd5 Bd7 18. Rc1 Rc8 19. Qd2 Qa5 20. Rfd1 Rfd8 21. a3 Be8
22. b4 Qc7 23. f5 gxf5 24. Bf4 Qd7 25. Bh6 Bh8 26. Qg5+ Kh7 27. Bf8 e5 28. dxe6
Qxe6 29. Re1 Qc4 30. Be7 Qd4+ 31. Kh1 Bd7 32. Bxd8 Rxd8 33. Re7 Be6 34. Rd1
Qxc3 35. Rxd8 Qe1+ 36. Kh2 Ng4+ 0-1

[Event "59. BEM 2005"]
[Site "Dortmund"]
[Date "2005.03.08"]
[Round "5"]
[White "Tkachuk, Sergiy"]
[Black "Zeldin, Vitali"]
[Result "1/2-1/2"]
[WhiteElo "2128"]
[BlackElo "1918"]
[PlyCount "82"]
[EventDate "2005.??.??"]
[Source "SG Dortmund"]
[SourceDate "2004.12.16"]

1. e4 e6 2. d4 d5 3. Nd2 dxe4 4. Nxe4 Nf6 5. Bd3 Be7 6. Nf3 O-O 7. O-O Nbd7 8.
Qe2 b6 9. c3 Bb7 10. Bf4 a5 11. Rad1 a4 12. a3 Nxe4 13. Bxe4 Bxe4 14. Qxe4 Nf6
15. Qc6 Nd5 16. Bg3 Bd6 17. c4 Ne7 18. Qe4 Bxg3 19. hxg3 Re8 20. Ng5 Nf5 21.
Nf3 Ne7 22. Rfe1 Ra5 23. Rd2 Qa8 24. d5 Ng6 25. Nd4 Kf8 26. Nb5 Re7 27. d6 cxd6
28. Rxd6 Qxe4 29. Rxe4 Rb7 30. f4 Ra8 31. Kf2 h5 32. Red4 Re8 33. Rd8 Rxd8 34.
Rxd8+ Ke7 35. Ra8 Rd7 36. Ke3 h4 37. g4 e5 38. fxe5 Nxe5 39. Rxa4 Nxg4+ 40. Ke2
f5 41. Nc3 Nf6 1/2-1/2

[Event "59. BEM 2005"]
[Site "Dortmund"]
[Date "2005.03.08"]
[Round "5"]
[White "Litwak, Aleksej"]
[Black "Starp, Klaus"]
[Result "1-0"]
[WhiteElo "2092"]
[BlackElo "1912"]
[PlyCount "61"]
[EventDate "2005.??.??"]
[Source "SG Dortmund"]
[SourceDate "2004.12.16"]

1. e4 c5 2. Nf3 d6 3. Bb5+ Bd7 4. Bxd7+ Qxd7 5. O-O Nc6 6. c3 Nf6 7. Re1 e6 8.
d4 cxd4 9. cxd4 d5 10. e5 Ne4 11. Nbd2 Nxd2 12. Bxd2 Be7 13. Bg5 O-O 14. Rc1
Bxg5 15. Nxg5 h6 16. Nh3 Rac8 17. Qg4 Na5 18. Nf4 Rxc1 19. Rxc1 Rc8 20. Re1 Qd8
21. h4 Rc4 22. Nh5 Qf8 23. b3 Rc3 24. f4 Kh8 25. f5 exf5 26. Qxf5 Qb4 27. Rd1
Qe7 28. Qg4 Qf8 29. Rf1 Nc6 30. Nf4 Nxd4 31. Ng6+ 1-0

[Event "59. BEM 2005"]
[Site "Dortmund"]
[Date "2005.03.08"]
[Round "5"]
[White "Büchle, Manfred"]
[Black "Naundorf, Maik"]
[Result "0-1"]
[WhiteElo "1874"]
[BlackElo "2075"]
[PlyCount "68"]
[EventDate "2005.??.??"]
[Source "SG Dortmund"]
[SourceDate "2004.12.16"]

1. e4 c5 2. Nf3 g6 3. d4 cxd4 4. Qxd4 Nf6 5. Nc3 Nc6 6. Qa4 d6 7. Bg5 Bg7 8.
Bb5 Bd7 9. O-O O-O 10. Rfe1 a6 11. Bxc6 Bxc6 12. Qb3 h6 13. Bh4 Nd7 14. Nd5 g5
15. Bg3 Nc5 16. Qe3 e6 17. Nc3 Bxc3 18. Qxc3 Nxe4 19. Qb4 a5 20. Qd4 e5 21. Qd3
Nxg3 22. hxg3 e4 23. Rxe4 Bxe4 24. Qxe4 Qf6 25. c3 b5 26. Rd1 b4 27. cxb4 axb4
28. Qxb4 Rxa2 29. Rxd6 Qxb2 30. Qc5 Ra1+ 31. Kh2 Qc1 32. Qxc1 Rxc1 33. Rxh6 Kg7
34. Rb6 Rh8+ 0-1

[Event "59. BEM 2005"]
[Site "Dortmund"]
[Date "2005.03.08"]
[Round "5"]
[White "Woestmann, Ulrich"]
[Black "Tkachuk, Konstantyn"]
[Result "0-1"]
[WhiteElo "2017"]
[BlackElo "1871"]
[PlyCount "88"]
[EventDate "2005.??.??"]
[Source "SG Dortmund"]
[SourceDate "2004.12.16"]

1. e4 e5 2. Bc4 Nf6 3. Nc3 Nc6 4. f4 Bc5 5. d3 d6 6. f5 Na5 7. Bg5 Nxc4 8. dxc4
h6 9. Bh4 g5 10. Bg3 Bd7 11. Qe2 Bb4 12. Rd1 Qe7 13. Nh3 Bc6 14. Nf2 Bxc3+ 15.
bxc3 O-O-O 16. Qe3 b6 17. a4 a5 18. Ra1 Nd7 19. Nd3 Nf6 20. c5 bxc5 21. Nf2 Nd7
22. c4 Kb7 23. O-O Nb6 24. Rfb1 f6 25. Nd1 Qf7 26. Qd3 Ra8 27. Ne3 Rhb8 28. Nd5
Qf8 29. Be1 Kc8 30. Nxb6+ Rxb6 31. Rxb6 cxb6 32. c3 Kc7 33. Qc2 Qf7 34. Qd3 Bb7
35. Rd1 Rd8 36. Qh3 h5 37. Qd3 Ba6 38. Rd2 Qxc4 39. Qf3 h4 40. Rf2 Qxa4 41. g3
hxg3 42. hxg3 Rh8 43. Rd2 Qc4 44. Kg2 g4 0-1

[Event "59. BEM 2005"]
[Site "Dortmund"]
[Date "2005.03.08"]
[Round "5"]
[White "Barskij, Aleksandr"]
[Black "Kalikhman, Grigorij"]
[Result "0-1"]
[WhiteElo "1825"]
[BlackElo "2017"]
[PlyCount "72"]
[EventDate "2005.??.??"]
[Source "SG Dortmund"]
[SourceDate "2004.12.16"]

1. e4 e6 2. d4 d5 3. Nc3 Nf6 4. e5 Nfd7 5. f4 c5 6. Nf3 b6 7. Be3 Ba6 8. Nb5
Bxb5 9. Bxb5 a6 10. Be2 c4 11. O-O g6 12. Ng5 Be7 13. Qe1 h6 14. Nf3 Nc6 15.
Qf2 Qc7 16. Ne1 f5 17. exf6 Nxf6 18. Qg3 O-O-O 19. Qh3 Qd6 20. Nf3 Rdg8 21. Ne5
Nd8 22. b3 b5 23. a4 g5 24. f5 g4 25. Nxg4 Nxg4 26. Bxg4 Bg5 27. fxe6 Bxe3+ 28.
Qxe3 Rxg4 29. e7 Ne6 30. Qxh6 Rxh6 31. e8=Q+ Nd8 32. Qe5 Qxe5 33. dxe5 d4 34.
Rad1 Rhg6 35. g3 cxb3 36. cxb3 d3 0-1

[Event "59. BEM 2005"]
[Site "Dortmund"]
[Date "2005.03.08"]
[Round "5"]
[White "Hein, Erwin"]
[Black "Hardt, Helmut"]
[Result "1-0"]
[WhiteElo "1966"]
[BlackElo "1823"]
[PlyCount "141"]
[EventDate "2005.??.??"]
[Source "SG Dortmund"]
[SourceDate "2004.12.16"]

1. d4 d5 2. Nf3 Nf6 3. c4 Nc6 4. Nc3 e6 5. Bg5 Be7 6. e3 O-O 7. Rc1 h6 8. Bh4
Nh7 9. Bxe7 Nxe7 10. Bd3 Nf6 11. O-O c6 12. b4 dxc4 13. Bxc4 Ned5 14. Qb3 Nxc3
15. Rxc3 Ne4 16. Rc2 Nd6 17. Bd3 Bd7 18. a4 Qe7 19. Ne5 Be8 20. Rfc1 f6 21. Nc4
Bf7 22. Qb2 Rfd8 23. Na5 Be8 24. h3 Rac8 25. Nc4 Nf7 26. Be2 Ng5 27. f4 Ne4 28.
Nd2 Ng3 29. Bf3 Nf5 30. Nf1 Nh4 31. Be4 f5 32. Bd3 Ng6 33. Be2 Qd7 34. Nd2 Ne7
35. Bf3 Nd5 36. Bxd5 exd5 37. Nf3 Qe6 38. Ne5 Rc7 39. b5 g5 40. b6 axb6 41.
Qxb6 Rdc8 42. a5 gxf4 43. exf4 Qd6 44. Rc3 Kh7 45. a6 bxa6 46. Qxa6 Qf6 47. Qd3
Kh8 48. Rc5 Qe6 49. Ra1 Rb8 50. Ra6 Rbc8 51. Qb3 Rg7 52. Kh2 h5 53. h4 Qg8 54.
Ra2 Qe6 55. Ra3 Qe7 56. Qh3 Qf6 57. Rg3 Rxg3 58. Qxg3 Rc7 59. Qg5 Qxg5 60. fxg5
Kg7 61. Kg3 Ra7 62. Kf4 Ra2 63. Kxf5 Rxg2 64. Nxc6 Bg6+ 65. Ke6 Bf7+ 66. Ke7
Re2+ 67. Ne5 Bg8 68. Rc7 Re4 69. Kd6+ Kf8 70. g6 Rxd4 71. g7+ 1-0

[Event "59. BEM 2005"]
[Site "Dortmund"]
[Date "2005.03.08"]
[Round "5"]
[White "Sonntag, Joachim"]
[Black "Hillebrand, Carsten"]
[Result "0-1"]
[WhiteElo "1757"]
[BlackElo "1941"]
[PlyCount "84"]
[EventDate "2005.??.??"]
[Source "SG Dortmund"]
[SourceDate "2004.12.16"]

1. e4 c5 2. Nf3 d6 3. d4 cxd4 4. Nxd4 Nf6 5. Nc3 a6 6. Bg5 e6 7. a3 Be7 8. Bc4
Qc7 9. Bb3 Nc6 10. O-O O-O 11. Re1 Na5 12. Rc1 Nc4 13. Bxc4 Qxc4 14. Re3 Qc5
15. Rg3 Kh8 16. Qd3 b5 17. Re1 Bb7 18. Nf3 Qc4 19. Qe3 Qc7 20. Rh3 Rac8 21. Qf4
Ng8 22. Qh4 h6 23. Qh5 Bxg5 24. Qxg5 Qe7 25. Qf4 Rfd8 26. Ng5 Rd7 27. Ree3 Rc5
28. Reg3 Qf6 29. Qe3 Rdc7 30. Qd2 Qe7 31. Qf4 a5 32. Qg4 Qf6 33. f4 b4 34. axb4
axb4 35. e5 dxe5 36. Nge4 Bxe4 37. Nxe4 Qg6 38. Qf3 Qf5 39. Nxc5 Rxc5 40. Rh5
Qxc2 41. h3 exf4 42. Rxg7 Kxg7 0-1

[Event "59. BEM 2005"]
[Site "Dortmund"]
[Date "2005.03.08"]
[Round "5"]
[White "Ziperstein, Jakob"]
[Black "Flierdl, Lothar"]
[Result "1-0"]
[WhiteElo "1902"]
[BlackElo "1634"]
[PlyCount "83"]
[EventDate "2005.??.??"]
[Source "SG Dortmund"]
[SourceDate "2004.12.16"]

1. e4 e5 2. Nf3 Nc6 3. Bb5 a6 4. Ba4 Nf6 5. Nc3 Be7 6. Bxc6 dxc6 7. Nxe5 O-O 8.
O-O Bc5 9. d3 Bd4 10. Nf3 Bg4 11. Be3 c5 12. h3 Bh5 13. Bg5 Qd6 14. Bxf6 Bxf6
15. Nd5 Be5 16. g4 Bg6 17. Nxe5 Qxe5 18. Rb1 c6 19. Ne3 f6 20. Qe2 Rad8 21. f4
Qd4 22. Kg2 Rfe8 23. f5 Bf7 24. b3 b5 25. Rfd1 Qe5 26. Qf3 Qc3 27. Qe2 Qd4 28.
c4 b4 29. Kf3 Qe5 30. Nf1 Rd4 31. Rd2 Red8 32. Rbd1 g5 33. Qh2 Qe7 34. h4 h5
35. Ne3 hxg4+ 36. Nxg4 Bh5 37. hxg5 Bxg4+ 38. Kxg4 Qg7 39. g6 Qh8 40. Qxh8+
Kxh8 41. Kf4 Kg7 42. Rh2 1-0

[Event "59. BEM 2005"]
[Site "Dortmund"]
[Date "2005.03.08"]
[Round "5"]
[White "Szyszka, Arkadiusz"]
[Black "Iwannek, Ralf"]
[Result "1-0"]
[WhiteElo "1865"]
[BlackElo "1718"]
[PlyCount "153"]
[EventDate "2005.??.??"]
[Source "SG Dortmund"]
[SourceDate "2004.12.16"]

1. d4 d5 2. Nf3 Nf6 3. c4 e6 4. Nc3 dxc4 5. Qa4+ Qd7 6. Qxc4 Nc6 7. e3 Bb4 8.
a3 Bxc3+ 9. Qxc3 a6 10. Bd3 Nd5 11. Qc2 h6 12. O-O O-O 13. h3 Re8 14. e4 Nf6
15. Be3 Rd8 16. Rac1 Qe7 17. Rfe1 Rd7 18. d5 Nd8 19. Bc5 Qe8 20. Ne5 c6 21.
Nxd7 Bxd7 22. d6 e5 23. Bc4 b5 24. Ba2 Nb7 25. b4 Be6 26. Bb3 Qd7 27. Bxe6 Qxe6
28. a4 Rc8 29. axb5 cxb5 30. Qd3 Nd7 31. Qd5 Qxd5 32. exd5 f6 33. f4 Kf7 34.
fxe5 Nxe5 35. Bb6 Nxd6 36. Rxc8 Nxc8 37. Bc7 Nc4 38. Re6 Ne7 39. Rxa6 Nxd5 40.
Ba5 Kg6 41. Ra7 h5 42. Kf2 Kh6 43. Rb7 Nc3 44. Kf3 g5 45. Bd8 Kg6 46. Be7 h4
47. Bc5 Kf5 48. Bd4 Ne5+ 49. Kf2 Ne4+ 50. Kg1 Nd6 51. Rb6 Ke6 52. Bc5 Nec4 53.
Ra6 Kd5 54. Bxd6 Nxd6 55. Kf2 f5 56. Kf3 Ne4 57. Ra8 Kc4 58. Rf8 Ng3 59. Rg8
Ne4 60. Rf8 Ng3 61. Ke3 Kxb4 62. Kd2 Kb3 63. Rb8 b4 64. Kd3 Ne4 65. Rb5 Ng3 66.
Ra5 Kb2 67. Kc4 b3 68. Rb5 Kc2 69. Rxb3 Kd2 70. Kd4 Ke2 71. Rb2+ Kf1 72. Ke5
Kg1 73. Kf6 g4 74. Kg5 gxh3 75. gxh3 Ne4+ 76. Kxf5 Nf2 77. Rxf2 1-0

[Event "59. BEM 2005"]
[Site "Dortmund"]
[Date "2005.03.08"]
[Round "5"]
[White "Kleymann, Jelena"]
[Black "Raabe, Heinz"]
[Result "0-1"]
[WhiteElo "1848"]
[BlackElo "1858"]
[PlyCount "76"]
[EventDate "2005.??.??"]
[Source "SG Dortmund"]
[SourceDate "2004.12.16"]

1. e4 c5 2. Nf3 a6 3. Nc3 Nc6 4. d4 cxd4 5. Nxd4 e5 6. Nxc6 bxc6 7. Bc4 Nf6 8.
O-O Be7 9. a4 a5 10. f4 d6 11. Kh1 Qb6 12. f5 O-O 13. Bb3 Bb7 14. Qf3 Kh8 15.
Be3 Qc7 16. Rad1 Rad8 17. Rd2 c5 18. Nd5 Bxd5 19. Bxd5 Nxd5 20. Rxd5 Rb8 21. b3
c4 22. Bd2 cxb3 23. cxb3 Qc2 24. Rd3 Rfc8 25. Bxa5 d5 26. Rxd5 Rxb3 27. Qd1 h6
28. h3 Qc4 29. Rf3 Rxf3 30. gxf3 Bg5 31. Bd2 Bh4 32. Kg2 Qa2 33. Kf1 Rc2 34. a5
Rb2 35. Qe2 Bg5 36. Ke1 Qa1+ 37. Kf2 Qh1 38. Qd1 Qxd1 0-1

[Event "59. BEM 2005"]
[Site "Dortmund"]
[Date "2005.03.08"]
[Round "5"]
[White "Ewers, Christian"]
[Black "Volmer, Martin"]
[Result "1-0"]
[WhiteElo "1671"]
[BlackElo "1772"]
[PlyCount "65"]
[EventDate "2005.??.??"]
[Source "SG Dortmund"]
[SourceDate "2004.12.16"]

1. e4 e6 2. d4 d5 3. Nd2 c5 4. exd5 exd5 5. Bb5+ Nc6 6. Qe2+ Be6 7. Ngf3 Be7 8.
dxc5 Bxc5 9. Nb3 Bb6 10. Bg5 Nge7 11. Nbd4 Bd7 12. Bxc6 bxc6 13. O-O h6 14. Bh4
g5 15. Qe5 O-O 16. Bg3 Ng6 17. Qd6 Rc8 18. Rad1 Bc7 19. Qc5 Bxg3 20. fxg3 Qc7
21. Nb3 Qb6 22. Nfd4 Qxc5 23. Nxc5 Bg4 24. Rd2 Ne5 25. Rf6 Kg7 26. Rdf2 Nd7 27.
Nxd7 Bxd7 28. Rd6 Rfd8 29. Rdf6 Be8 30. R6f3 c5 31. Nf5+ Kh7 32. Ne7 Rc7 33.
Rxf7+ 1-0

[Event "59. BEM 2005"]
[Site "Dortmund"]
[Date "2005.03.08"]
[Round "5"]
[White "Gorzinski, Dariusz"]
[Black "Kartsev, Alexandr"]
[Result "1-0"]
[WhiteElo "1885"]
[BlackElo "1494"]
[PlyCount "119"]
[EventDate "2005.??.??"]
[Source "SG Dortmund"]
[SourceDate "2004.12.16"]

1. c4 f5 2. d4 Nf6 3. Nc3 g6 4. g3 Bg7 5. Bg2 O-O 6. c5 d6 7. Qb3+ Kh8 8. Bxb7
Bxb7 9. Qxb7 Nbd7 10. cxd6 cxd6 11. Nf3 e5 12. dxe5 dxe5 13. Ng5 Qe7 14. Qc6
Nc5 15. Be3 Rfc8 16. Bxc5 Qxc5 17. Nf7+ Kg8 18. Qe6 Qc4 19. Qxc4 Rxc4 20. Nxe5
Rb4 21. Nd3 Rb6 22. O-O Ne4 23. Rac1 Nxc3 24. bxc3 Rc6 25. c4 Rac8 26. c5 Bd4
27. e3 Bxc5 28. Nxc5 Rxc5 29. Rxc5 Rxc5 30. Rb1 Ra5 31. Rb2 Kf7 32. h4 Kf6 33.
Kf1 g5 34. hxg5+ Kxg5 35. f3 h5 36. Ke2 h4 37. f4+ Kg4 38. gxh4 Kxh4 39. Kf3
Kh5 40. Rg2 Kh6 41. Rg5 Kh7 42. a4 Kh6 43. Ke2 Rxa4 44. Rxf5 Kg6 45. Rf8 Kg7
46. Rc8 Kf6 47. Kf3 a5 48. Rc6+ Ke7 49. f5 Ra1 50. Kf4 a4 51. Ke5 Rf1 52. Ra6
Rf3 53. Ra7+ Ke8 54. e4 a3 55. Ke6 Rd3 56. f6 Kd8 57. f7 Rf3 58. Rxa3 Rf4 59.
Ra8+ Kc7 60. e5 1-0

[Event "59. BEM 2005"]
[Site "Dortmund"]
[Date "2005.03.08"]
[Round "5"]
[White "Orlowski, Wilfried"]
[Black "Grube, Jörg"]
[Result "0-1"]
[WhiteElo "1611"]
[BlackElo "1819"]
[PlyCount "84"]
[EventDate "2005.??.??"]
[Source "SG Dortmund"]
[SourceDate "2004.12.16"]

1. c4 g6 2. Nc3 Bg7 3. e4 d6 4. d3 e5 5. Be2 Nc6 6. h3 Nge7 7. Nf3 O-O 8. O-O
Kh8 9. Rb1 f5 10. b4 f4 11. b5 Nd4 12. Ne1 Be6 13. Bg4 Bg8 14. Bb2 h5 15. Bf3
Be6 16. Ne2 Nxf3+ 17. Nxf3 Ng8 18. Kh2 g5 19. Rh1 Bf6 20. Kg1 g4 21. hxg4 Bxg4
22. Nh2 Be6 23. Nc3 Qe8 24. Ng4 Qg6 25. Nxf6 Nxf6 26. Nd5 Rg8 27. Nxf4 exf4 28.
Bxf6+ Qxf6 29. Qxh5+ Kg7 30. Qh7+ Kf8 31. Rh6 Qg5 32. Kf1 Re8 33. Rh2 Rg7 34.
Qh4 Qe5 35. Qh6 Ke7 36. Rh4 Rf7 37. f3 Qd4 38. Rd1 Bxc4 39. Rxf4 Bxd3+ 40. Rxd3
Qxd3+ 41. Kf2 Qd2+ 42. Kg3 Rg8+ 0-1

[Event "59. BEM 2005"]
[Site "Dortmund"]
[Date "2005.03.08"]
[Round "5"]
[White "Völler, Lothar"]
[Black "Morgenroth, Hubertus"]
[Result "1-0"]
[WhiteElo "1565"]
[BlackElo "1724"]
[PlyCount "85"]
[EventDate "2005.??.??"]
[Source "SG Dortmund"]
[SourceDate "2004.12.16"]

1. e4 e5 2. Nf3 Nc6 3. Bb5 a6 4. Ba4 Nf6 5. O-O Bc5 6. d3 b5 7. Bb3 h6 8. Nbd2
d6 9. h3 O-O 10. c3 Bb7 11. Re1 Re8 12. Nf1 d5 13. exd5 Nxd5 14. Ng3 Qd7 15.
Bc2 Nf6 16. Be3 Bxe3 17. Rxe3 Nd5 18. Re1 Nf4 19. Ne4 Bc8 20. d4 Nxg2 21. Kxg2
Qxh3+ 22. Kg1 Bg4 23. Ng3 f5 24. dxe5 Rad8 25. Qe2 Nxe5 26. Bxf5 Bxf5 27. Nxe5
Rd5 28. Nxf5 Rdxe5 29. Qxe5 Rxe5 30. Rxe5 h5 31. Rae1 Qg4+ 32. Kf1 Qc4+ 33.
R1e2 Qg4 34. R2e4 Qd1+ 35. Kg2 g6 36. Re8+ Kf7 37. Ne3 Qd2 38. R4e7+ Kf6 39.
Rxc7 Qxb2 40. Rc6+ Kf7 41. Ree6 Qxa2 42. Rxa6 Qb3 43. Rec6 1-0

[Event "59. BEM 2005"]
[Site "Dortmund"]
[Date "2005.03.08"]
[Round "5"]
[White "Schultz, Bernfried"]
[Black "Werninghaus, Klaus-Peter"]
[Result "1-0"]
[WhiteElo "1717"]
[BlackElo "1533"]
[PlyCount "47"]
[EventDate "2005.??.??"]
[Source "SG Dortmund"]
[SourceDate "2004.12.16"]

1. e4 c6 2. d4 d5 3. Nc3 dxe4 4. Nxe4 Bf5 5. Ng3 Bg6 6. h4 h6 7. Nf3 Nd7 8. Bd3
Bxd3 9. Qxd3 Ngf6 10. Bd2 e6 11. O-O Bd6 12. Rae1 Qc7 13. Nf5 O-O-O 14. Nxd6+
Qxd6 15. b4 Rhe8 16. b5 cxb5 17. Qxb5 Qd5 18. Qa4 Nb6 19. Qxa7 Nc4 20. Bf4 Kd7
21. Qa4+ Ke7 22. Qb4+ Nd6 23. c4 Qxc4 24. Bxd6+ 1-0

[Event "59. BEM 2005"]
[Site "Dortmund"]
[Date "2005.03.08"]
[Round "5"]
[White "Klein, Hans-Joachim"]
[Black "Merle, Peter"]
[Result "1-0"]
[WhiteElo "1709"]
[BlackElo "1486"]
[PlyCount "85"]
[EventDate "2005.??.??"]
[Source "SG Dortmund"]
[SourceDate "2004.12.16"]

1. d4 d5 2. Bf4 Nf6 3. e3 e6 4. a3 Bd6 5. Bg3 Nc6 6. Nf3 Bxg3 7. hxg3 Bd7 8. c4
Qe7 9. Nc3 O-O-O 10. b4 Nb8 11. c5 Ne4 12. Qc2 f5 13. b5 c6 14. a4 g5 15. Ne5
Rdf8 16. a5 Nxc3 17. bxc6 Nxc6 18. Nxc6 Bxc6 19. Qxc3 Rf7 20. a6 Qc7 21. axb7+
Kd7 22. Rxa7 Rb8 23. Ba6 f4 24. gxf4 gxf4 25. Rh3 fxe3 26. Rxe3 Qf4 27. Qb2 Qc7
28. Bb5 Re7 29. Rea3 e5 30. dxe5 Qxe5+ 31. Qxe5 Rxe5+ 32. Be2 Bb5 33. Re3 Rxe3
34. fxe3 Bxe2 35. Kxe2 Kc6 36. Kd3 Kxc5 37. Ra5+ Kb4 38. Ra1 Kc5 39. Rb1 Kd6
40. Kd4 Kc6 41. g4 h6 42. Rb2 Kc7 43. Kc5 1-0

[Event "59. BEM 2005"]
[Site "Dortmund"]
[Date "2005.03.08"]
[Round "5"]
[White "Krüger, Georg"]
[Black "Martini, Heiko"]
[Result "1-0"]
[WhiteElo "1706"]
[BlackElo "1481"]
[PlyCount "81"]
[EventDate "2005.??.??"]
[Source "SG Dortmund"]
[SourceDate "2004.12.16"]

1. e4 c5 2. Nf3 Nc6 3. Bb5 d6 4. O-O Bd7 5. c3 Nf6 6. Re1 a6 7. Ba4 b5 8. Bc2
Bg4 9. h3 Bh5 10. d3 e6 11. Nbd2 Be7 12. a4 O-O 13. Qe2 b4 14. Qe3 Bxf3 15.
Nxf3 Nd7 16. d4 a5 17. Rd1 Qc7 18. Qd3 e5 19. Be3 Nf6 20. d5 Nb8 21. Nxe5 dxe5
22. d6 Bxd6 23. Qxd6 Qxd6 24. Rxd6 Nbd7 25. Rad1 Ra7 26. Rc6 bxc3 27. bxc3 Rb7
28. Bxc5 Re8 29. Be3 Ra8 30. f3 Rb2 31. Bd3 Nf8 32. Bb5 Ng6 33. Rcd6 h6 34.
Rd8+ Rxd8 35. Rxd8+ Kh7 36. Rd2 Rb3 37. Rc2 Nf4 38. Bxf4 exf4 39. c4 Ng8 40. c5
Ne7 41. c6 1-0